Jam'Iyat Ulama-I-Pakistan 1948-79 (Record no. 67467)
[ view plain ]
| 000 -LEADER | |
|---|---|
| fixed length control field | 00441nam a22001577a 4500 |
| 005 - DATE AND TIME OF LATEST TRANSACTION | |
| control field | 20150304121956.0 |
| 008 - FIXED-LENGTH DATA ELEMENTS--GENERAL INFORMATION | |
| fixed length control field | 150304b xxu||||| |||| 00| 0 eng d |
| 020 ## - INTERNATIONAL STANDARD BOOK NUMBER | |
| International Standard Book Number | 9694150345 |
| 040 ## - CATALOGING SOURCE | |
| Transcribing agency | PK-LaUMT |
| 082 ## - DEWEY DECIMAL CLASSIFICATION NUMBER | |
| Classification number | KHC 297.8 |
| Item number | MUJ-J |
| 100 ## - MAIN ENTRY--PERSONAL NAME | |
| Personal name | Mujeeb Ahmad |
| 245 ## - TITLE STATEMENT | |
| Title | Jam'Iyat Ulama-I-Pakistan 1948-79 |
| Statement of responsibility, etc | Mujeeb Ahmad |
| 260 ## - PUBLICATION, DISTRIBUTION, ETC. (IMPRINT) | |
| Place of publication, distribution, etc | Islamabad |
| Name of publisher, distributor, etc | National Institute of historical cultural research |
| Date of publication, distribution, etc | 1993 |
| 300 ## - PHYSICAL DESCRIPTION | |
| Extent | 264 p. |
| 942 ## - ADDED ENTRY ELEMENTS (KOHA) | |
| Koha item type | Books |
| Withdrawn status | Lost status | Damaged status | Home library | Current library | Date acquired | Full call number | Barcode | Date last seen | Price effective from | Koha item type |
|---|---|---|---|---|---|---|---|---|---|---|
| UMT Main Campus | UMT Main Campus | 2015-03-04 | KHC 297.8 MUJ-J | 74003 | 2017-12-06 | 2015-03-04 | Books |
